| Tag |
First Indicator |
Second Indicator |
Subfields |
| LEADER |
00000cam a2200000 4500 |
| 001 |
in00000060660 |
| 005 |
20151008050535.0 |
| 008 |
751117s1936 nyu 00010 eng |
| 010 |
|
|
|a 36029831
|
| 035 |
|
|
|a (OCoLC)01838122
|
| 035 |
|
|
|9 AAG1684AM
|
| 040 |
|
|
|a DLC
|c JPL
|d TXA
|d UtOrBLW
|
| 049 |
|
|
|a TXAM
|c 1 [76582]
|
| 050 |
0 |
0 |
|a E743
|b .S68
|
| 082 |
0 |
|
|a 323.440973
|
| 092 |
|
|
|a 323.440973
|b S722f
|
| 100 |
1 |
|
|a Soule, George Henry,
|d 1887-1970.
|
| 245 |
1 |
4 |
|a The future of liberty /
|c by George Soule ...
|
| 264 |
|
1 |
|a New York :
|b The Macmillan company,
|c 1936.
|
| 300 |
|
|
|a 4 pages ., 187 pages ;
|c 21 cm.
|
| 336 |
|
|
|a text
|b txt
|2 rdacontent
|
| 337 |
|
|
|a unmediated
|b n
|2 rdamedia
|
| 338 |
|
|
|a volume
|b nc
|2 rdacarrier
|
| 500 |
|
|
|a Includes the substance of the author's lectures on the Weil foundation on American citizenship, delivered at the University of North Carolina in 1935.
|
| 650 |
|
0 |
|a Liberty.
|
| 651 |
|
0 |
|a United States
|x Politics and government.
|
| 651 |
|
0 |
|a United States
|x Economic conditions.
|
| 651 |
|
0 |
|a United States
|x Economic policy.
|
| 999 |
|
|
|a MARS
|
| 999 |
f |
f |
|s 7137f0a0-d2d0-391a-9b92-bc3603e3e1f4
|i 072a92b6-03ae-3b9d-abaa-eff9c07f2dd1
|t 0
|
| 952 |
f |
f |
|p ric
|a Texas A&M University
|b Rellis Campus
|c Joint Library Facility
|d Remote Storage
|t 0
|e E743 .S68
|h Library of Congress classification
|i unmediated -- volume
|m A14800666992
|
| 998 |
f |
f |
|a E743 .S68
|t 0
|l Remote Storage
|